| 000 | 00604nam a2200205Ia 4500 | ||
|---|---|---|---|
| 005 | 20250508165925.0 | ||
| 008 | 008 250505s9999 xx 000 0 eng d | ||
| 020 | _a975-93-83837-45-8 | ||
| 037 | _aTextual | ||
| 040 |
_aFEDL _beng _cFEDL |
||
| 041 |
_aeng _2eng |
||
| 084 |
_a372.954, IND _qFEDL |
||
| 245 | 0 | _aPrimary education in India | |
| 245 | 0 | _cIndia | |
| 260 |
_aWashington, USA _bThe World Bank _c1997 |
||
| 300 | _axvi, 307p. | ||
| 546 | _aGifted by H O D Namita Ranganathan in memory of Prof. Arvind Gaysu | ||
| 942 |
_cTEXL _h372.954, IND |
||
| 999 |
_c1398213 _d1398213 |
||